000
00273nam a2200109Ia 4500
008
190216s9999||||xx |||||||||||||| ||und||
100
_a
Joel J Lerner
245
0
_a
Book-Keeping And Accounting
260
_b
Prentice Hall Of India Pvt Ltd
_c
1978
300
_a
267p
942
_c
BK
999
_c
4773
_d
4773